| 000 | 00862nam a22002417a 4500 | ||
|---|---|---|---|
| 003 | UA-OsUOA | ||
| 001 | 48348 | ||
| 007 | ta | ||
| 008 | 20130315b un ||||| |||| 00| 0 ukr d | ||
| 090 |
_a030 _bУ45 |
||
| 942 | _cBK | ||
| 040 |
_aUA-OsUOA _bukr _cUA-OsUOA _dUA-OsUOA |
||
| 245 |
_aУкраїна-діаспора: можливості економічної співпраці у двох частинах _bТ. 2 _cДовідник |
||
| 300 | _a476 с. | ||
| 955 | _a1 | ||
| 041 | _aukr | ||
| 080 | _a030 | ||
| 260 |
_aК. _bАльтпрес _c2004 |
||
| 246 | 3 | 1 |
_aЧастина І _nЕкономічні можливості регіонів України |
| 650 | 7 |
_a030 Загальні довідкові праці _2UDC |
|
| 999 |
_c428449 _d428449 |
||